• 首页
  • 本馆介绍
  • 公告通知
  • 最新文献
  • 馆藏检索
  • 电子资源
  • 读者导购
  • 参考咨询
  • 我的图书馆
  • 登录
  • 详细信息显示
  • 放入我的书架
  • 预约/预借图书
  • 作者相关作品
  • 分类相关作品
  • 丛书相关作品
  • 出版社相关作品

书目信息

  • 表格格式
  • 工作单格式
  • 卡片格式
题名:
复变函数与积分变换
    
 
作者: 薛有才 , 卢柏龙 主编
分册:  
出版信息: 北京   机械工业出版社  2010
页数: 308页
开本: 24cm
丛书名:
单 册:
中图分类: O174.5 , O177.6
科图分类:
主题词: 复变函数--高等学校--教材 , 积分变换--高等学校--教材 , 复变函数 , 积分变换
电子资源:
ISBN: 978-7-111-30600-9
000 01136nam0 2200313 45
001 1130156734
005 20110309142745.17
010    @a978-7-111-30600-9@dCNY33.00
100    @a20110108d2010 em y0chiy0110 ea
101 0  @achi
102    @aCN@b110000
105    @ay z 000yy
106    @ar
200 1  @a复变函数与积分变换@AFu Bian Han Shu Yu Ji Fen Bian Huan@dComplex variables and integral transformation@f薛有才,卢柏龙主编@FXue You Cai, Lu Bai Long Zhu Bian@zeng
210    @a北京@c机械工业出版社@d2010
215    @a308页@d24cm
300    @a大学数学改革系列教材
330    @a本书包含了复变函数与积分变换的传统内容:复数与复变函数、解析函数、复变函数的积分、级数、留数、共形映射、傅里叶变换、拉普拉斯变换以及它们的应用。
510 1  @aComplex variables and integral transformation@zeng
606 0  @a复变函数@x高等学校@j教材
606 0  @a积分变换@x高等学校@j教材
606 0  @a复变函数
606 0  @a积分变换
690    @aO174.5@v4
690    @aO177.6@v4
701  0 @a薛有才@AXue You Cai@4主编
701  0 @a卢柏龙@ALu Bai Long@4主编
801  0 @aCN@bTANGWEI@c20110309
905    @b0529942-44@dO174.5@e201@f3
    
    复变函数与积分变换=Complex variables and integral transformation/薛有才,卢柏龙主编.-北京:机械工业出版社,2010
    308页;24cm
    大学数学改革系列教材
    
    ISBN 978-7-111-30600-9:CNY33.00
    本书包含了复变函数与积分变换的传统内容:复数与复变函数、解析函数、复变函数的积分、级数、留数、共形映射、傅里叶变换、拉普拉斯变换以及它们的应用。
●
相关链接 在E读中查询图书 在五车中查询图书 在当当中查询图书 在豆瓣中查询图书


正题名:复变函数与积分变换     索取号:O174.5/201         预约/预借

序号 登录号 条形码 馆藏地/架位号 状态 备注
1 0529942   205299425   第二样本阅览室/ [索取号:O174.5/201] 在馆    
2 0529943   205299434   数信系资料室/ [索取号:O174.5/201] 在馆    
3 0529944   205299443   第三借阅区/ [索取号:O174.5/201] 在馆    
唐山师范学院图书馆 欢迎您!
大连网信软件有限公司© 版权所有